Loading...
| Fine Arts - Classical Music | 0 | 12 | 1 | 1 | 115 | 37 | 80.50 | 6 | 12 |
| Fine Arts - Painting and Sculpture | 0 | 6 | 2 | 2 | 50 | 34 | 86.50 | 3 | 5 |
| History - Other History | 0 | 5 | 0 | 2 | 50 | 75 | 103.60 | 3 | 4 |
| History - European History | 0 | 5 | 0 | 0 | 50 | 33 | 50.60 | 3 | 5 |
| Fine Arts - Other Fine Arts | 0 | 6 | 3 | 1 | 45 | 23 | 93.67 | 1 | 6 |
| Philosophy | 0 | 3 | 0 | 0 | 30 | 73 | 93.00 | 0 | 1 |
| Other Academic | 0 | 2 | 0 | 0 | 20 | 78 | 102.00 | 1 | 1 |
| Social Science | 0 | 1 | 0 | 0 | 10 | 39 | 39.00 | 1 | 1 |
| Geography | 0 | 1 | 0 | 0 | 10 | 89 | 89.00 | 0 | 1 |
| History - American History | 0 | 1 | 0 | 0 | 10 | 87 | 87.00 | 0 | 0 |
| History - World History | 0 | 1 | 0 | 0 | 10 | 46 | 46.00 | 1 | 1 |
| Literature - British Literature | 0 | 1 | 0 | 0 | 10 | 69 | 69.00 | 1 | 1 |
| Pop Culture | 0 | 1 | 0 | 0 | 10 | 69 | 69.00 | 0 | 0 |
| Religion | 0 | 1 | 0 | 0 | 10 | 107 | 107.00 | 0 | 0 |
| Mythology | 0 | 1 | 1 | 0 | 5 | 105 | 105.00 | 0 | 0 |
| Literature - European Literature | 0 | 1 | 1 | 0 | 5 | 23 | 23.00 | 1 | 1 |
| Current Events | 0 | 0 | 1 | 0 | -5 | 0.00 | 0 | 0 |